LIBRARY & INFORMATION CENTRE, KCAET, TAVANUR

ONLINE PUBLIC ACCESS CATALOGUE (OPAC)

Children`s Diseases / (Record no. 784)

MARC details
000 -LEADER
fixed length control field 00399cam a2200157ua 4500
041 ## - LANGUAGE CODE
Language code of text/sound track or separate title eng
082 ## - DEWEY DECIMAL CLASSIFICATION NUMBER
Classification number 618.92
Item number KOL/CH
100 ## - MAIN ENTRY--AUTHOR NAME
Personal name Koltypin, A.N .
245 ## - TITLE STATEMENT
Title Children`s Diseases /
260 ## - PUBLICATION, DISTRIBUTION, ETC. (IMPRINT)
Place of publication Moscow :
Name of publisher Foreign Language Publishing House ,
Year of publication 1965.
300 ## - PHYSICAL DESCRIPTION
Number of Pages 530 ; .
700 1# - ADDED ENTRY--PERSONAL NAME
Personal name Langovoi, N .
942 ## - ADDED ENTRY ELEMENTS (KOHA)
Koha item type Books
Holdings
Withdrawn status Lost status Damaged status Home library Current library Date acquired Full call number Accession Number Koha item type
      KAUAET KAUAET 07/04/2012 618.92 3665 Books
free website counter